Inscrutable malice : (Record no. 4111)
[ view plain ]
| 000 -LEADER | |
|---|---|
| fixed length control field | 01719nam a2200385 i 4500 |
| 001 - CONTROL NUMBER | |
| control field | ebr10950041 |
| 003 - CONTROL NUMBER IDENTIFIER | |
| control field | CaPaEBR |
| 006 - FIXED-LENGTH DATA ELEMENTS--ADDITIONAL MATERIAL CHARACTERISTICS--GENERAL INFORMATION | |
| fixed length control field | m o d |
| 007 - PHYSICAL DESCRIPTION FIXED FIELD--GENERAL INFORMATION | |
| fixed length control field | cr cn||||||||| |
| 008 - FIXED-LENGTH DATA ELEMENTS--GENERAL INFORMATION | |
| fixed length control field | 141015t20122012ilu ob 001 0 eng d |
| 020 ## - INTERNATIONAL STANDARD BOOK NUMBER | |
| Cancelled/invalid ISBN | 9780875804644 |
| International Standard Book Number | 9781609090784 (e-book) |
| 040 ## - CATALOGING SOURCE | |
| Original cataloging agency | CaPaEBR |
| Language of cataloging | eng |
| Description conventions | rda |
| -- | pn |
| Transcribing agency | CaPaEBR |
| 035 ## - SYSTEM CONTROL NUMBER | |
| System control number | (OCoLC)893673754 |
| 050 14 - LIBRARY OF CONGRESS CALL NUMBER | |
| Classification number | PS2384.M62 |
| Item number | .C665 2012eb |
| 082 04 - DEWEY DECIMAL CLASSIFICATION NUMBER | |
| Classification number | 813/.3 |
| Edition number | 23 |
| 100 1# - MAIN ENTRY--PERSONAL NAME | |
| Personal name | Cook, Jonathan A. |
| Fuller form of name | (Jonathan Alexander), |
| Dates associated with a name | 1953- |
| Relator term | author. |
| 245 10 - TITLE STATEMENT | |
| Title | Inscrutable malice : |
| Remainder of title | theodicy, eschatology, and the biblical sources of Moby-Dick / |
| Statement of responsibility, etc | Jonathan A. Cook. |
| 264 #1 - PRODUCTION, PUBLICATION, DISTRIBUTION, MANUFACTURE, AND COPYRIGHT NOTICE | |
| Place of production, publication, distribution, manufacture | DeKalb, Illinois : |
| Name of producer, publisher, distributor, manufacturer | NIU Press, |
| Date of production, publication, distribution, manufacture, or copyright notice | 2012. |
| Date of production, publication, distribution, manufacture, or copyright notice | �2012 |
| 300 ## - PHYSICAL DESCRIPTION | |
| Extent | 1 online resource (358 pages) |
| 336 ## - CONTENT TYPE | |
| Content type term | text |
| Source | rdacontent |
| 337 ## - MEDIA TYPE | |
| Media type term | computer |
| Source | rdamedia |
| 338 ## - CARRIER TYPE | |
| Carrier type term | online resource |
| Source | rdacarrier |
| 504 ## - BIBLIOGRAPHY, ETC. NOTE | |
| Bibliography, etc | Includes bibliographical references and index. |
| 588 ## - SOURCE OF DESCRIPTION NOTE | |
| Source of description note | Description based on print version record. |
| 590 ## - LOCAL NOTE (RLIN) | |
| Local note | Electronic reproduction. Palo Alto, Calif. : ebrary, 2014. Available via World Wide Web. Access may be limited to ebrary affiliated libraries. |
| 600 10 - SUBJECT ADDED ENTRY--PERSONAL NAME | |
| Personal name | Melville, Herman, |
| Dates associated with a name | 1819-1891. |
| Title of a work | Moby Dick. |
| 650 #0 - SUBJECT ADDED ENTRY--TOPICAL TERM | |
| Topical term or geographic name as entry element | Theodicy in literature. |
| Topical term or geographic name as entry element | Eschatology in literature. |
| 655 #0 - INDEX TERM--GENRE/FORM | |
| Genre/form data or focus term | Electronic books. |
| 776 08 - ADDITIONAL PHYSICAL FORM ENTRY | |
| Display text | Print version: |
| Main entry heading | Cook, Jonathan A. (Jonathan Alexander), 1953- |
| Title | Inscrutable malice : theodicy, eschatology, and the biblical sources of Moby-Dickc. |
| Place, publisher, and date of publication | DeKalb, Illinois : NIU Press, c2012 |
| Physical description | xiii, 342 pages |
| International Standard Book Number | 9780875804644 |
| Record control number | 2012019996 |
| 797 2# - LOCAL ADDED ENTRY--CORPORATE NAME (RLIN) | |
| Corporate name or jurisdiction name as entry element | ebrary. |
| 856 40 - ELECTRONIC LOCATION AND ACCESS | |
| Uniform Resource Identifier | <a href="http://site.ebrary.com/lib/rucke/Doc?id=10950041">http://site.ebrary.com/lib/rucke/Doc?id=10950041</a> |
| Public note | An electronic book accessible through the World Wide Web; click to view |
No items available.
